00523nam a2200181Ia 450000500170000000800410001704000190005804100120007708200130008910000200010224500490012225000120017126000410018330000300022450400500025465000270030485000100033120230118135747.0131103s9999 xx 000 0 und d aLoreto College aEnglish a954bSMI aSmith,A.Vincent 4aThe Oxford history of IndiacVincent A.Smith a3rd ed. aDelhibOxford University Pressc1958 axiii,898 p.b plates,ill. aIncludes index and bibliographical references aAncient Indian History aLCLIB